000
00336 a2200169 4500
001
184562
020
_a
040
_c
Magnum
100
_a
Jose, Elias
240
1
0
_a
Toda sorte de magia
_l
por
245
1
0
_a
Toda sorte de magia
300
_a
94
362
0
_a
1996
440
1
_a
LĂȘ
697
_a
LITERATURA JUVENIL
942
_c
BK
999
_c
184562
_d
184562